| 000 | 01008nmc a2200313 a 4500 | ||
|---|---|---|---|
| 003 | AR-BaBNM | ||
| 005 | 20251128205107.0 | ||
| 008 | 286019s1987 ||||||||||||||000 | spa|| | ||
| 020 | _a84-86556-42-2 | ||
| 040 | _cAR-BaBNM | ||
| 100 | 1 | _aBorràs Vidal, Jesús | |
| 245 | 1 | 0 | _aEl guión del vídeo didáctico |
| 250 | _a1ª ed. | ||
| 260 |
_aBarcelona _bAlta Fulla _bFundación Serveis de Cultura Popular _c1987 |
||
| 300 | 0 |
_a53 p. _btablas, diagr. |
|
| 490 | 0 |
_aVídeo y educación _vv. 1 |
|
| 500 | 0 | _aLa Fundación Serveis de Cultura Popular fue creada en 1977 y se interesa por las aplicaciones del vídeo a la enseñanza en todos sus niveles | |
| 650 | 4 | _aGUIONES | |
| 650 | 4 | _aMETODOS AUDIOVISUALES | |
| 650 | 4 | _aTECNOLOGIA EDUCATIVA | |
| 650 | 4 | _aTECNICAS DE ENSENANZA | |
| 650 | 4 | _aCOMUNICACION AUDIOVISUAL | |
| 650 | 4 | _aENSENANZA AUDIOVISUAL | |
| 653 | 0 | _aVIDEO | |
| 700 | 1 | _aColomer Puntés, Antoni | |
| 700 | 1 |
_aClavería, Alberto _etraductor |
|
| 942 | _cBK | ||
| 998 | _cSILVI | ||
| 999 |
_c9960 _d9960 |
||